Text book on criminal procedure code / (Record no. 1482)
[ view plain ]
| 000 -LEADER | |
|---|---|
| fixed length control field | 00580nam a22002057a 4500 |
| 001 - CONTROL NUMBER | |
| control field | 12997 |
| 003 - CONTROL NUMBER IDENTIFIER | |
| control field | BD-DhUAP |
| 005 - DATE AND TIME OF LATEST TRANSACTION | |
| control field | 20200209094601.0 |
| 008 - FIXED-LENGTH DATA ELEMENTS--GENERAL INFORMATION | |
| fixed length control field | 200209s2008 bg ||||| |||| 001 0 eng d |
| 020 ## - INTERNATIONAL STANDARD BOOK NUMBER | |
| International Standard Book Number | 9843232860 |
| 040 ## - CATALOGING SOURCE | |
| Original cataloging agency | BD-DhUAP |
| Language of cataloging | Eng |
| Transcribing agency | BD-DhUAP |
| Modifying agency | BD-DhUAP |
| 082 ## - DEWEY DECIMAL CLASSIFICATION NUMBER | |
| Edition number | 23 |
| Classification number | 345.549205 HAL |
| 100 ## - MAIN ENTRY--PERSONAL NAME | |
| Personal name | Halim, Md. Abdul. |
| 245 ## - TITLE STATEMENT | |
| Title | Text book on criminal procedure code / |
| Statement of responsibility, etc. | Md. Abdul Halim. |
| 250 ## - EDITION STATEMENT | |
| Edition statement | 2nd rev. ed. |
| 260 ## - PUBLICATION, DISTRIBUTION, ETC. | |
| Place of publication, distribution, etc. | Dhaka : |
| Name of publisher, distributor, etc. | CCB foundation, |
| Date of publication, distribution, etc. | c2008. |
| 300 ## - PHYSICAL DESCRIPTION | |
| Extent | 655 pages ; |
| Dimensions | 23 cm. |
| 650 ## - SUBJECT ADDED ENTRY--TOPICAL TERM | |
| Topical term or geographic name entry element | Criminal procedure |
| Geographic subdivision | Bangladesh. |
| 942 ## - ADDED ENTRY ELEMENTS (KOHA) | |
| Source of classification or shelving scheme | |
| Koha item type | Book |
| Withdrawn status | Lost status | Source of classification or shelving scheme | Damaged status | Not for loan | Permanent Location | Current Location | Shelving location | Date acquired | Full call number | Barcode | Date last seen | Copy number | Price effective from | Koha item type | Total Checkouts | Date last checked out |
|---|---|---|---|---|---|---|---|---|---|---|---|---|---|---|---|---|
| UAP Central Library | UAP Central Library | General Stacks | 2020-02-09 | 345.549205 HAL | 3010012997 | 2020-02-09 | 1 | 2020-02-09 | Book | |||||||
| UAP Central Library | UAP Central Library | General Stacks | 2020-02-09 | 345.549205 HAL | 3010011657 | 2025-03-17 | 2 | 2020-02-09 | Book | 1 | 2025-03-16 | |||||
| UAP Central Library | UAP Central Library | General Stacks | 2020-02-09 | 345.549205 HAL | 3010011656 | 2022-06-02 | 3 | 2020-02-09 | Book | 1 | 2022-05-16 | |||||
| UAP Central Library | UAP Central Library | General Stacks | 2020-02-09 | 345.549205 HAL | 3010011659 | 2024-11-14 | 4 | 2020-02-09 | Book | 2 | 2024-10-07 | |||||
| UAP Central Library | UAP Central Library | General Stacks | 2020-02-09 | 345.549205 HAL | 3010010345 | 2020-02-09 | 5 | 2020-02-09 | Book | |||||||
| UAP Central Library | UAP Central Library | General Stacks | 2020-02-09 | 345.549205 HAL | 3010010348 | 2020-02-09 | 6 | 2020-02-09 | Book | |||||||
| UAP Central Library | UAP Central Library | General Stacks | 2020-02-09 | 345.549205 HAL | 3010010344 | 2020-02-09 | 7 | 2020-02-09 | Book | |||||||
| UAP Central Library | UAP Central Library | General Stacks | 2020-02-09 | 345.549205 HAL | 3010010346 | 2020-02-09 | 8 | 2020-02-09 | Book | |||||||
| UAP Central Library | UAP Central Library | General Stacks | 2020-02-09 | 345.549205 HAL | 3010011658 | 2025-03-17 | 9 | 2020-02-09 | Book | 1 | 2025-03-13 | |||||
| UAP Central Library | UAP Central Library | General Stacks | 2020-02-09 | 345.549205 HAL | 3010011660 | 2020-12-30 | 10 | 2020-02-09 | Book | |||||||
| UAP Central Library | UAP Central Library | General Stacks | 2020-12-30 | 345.549205 HAL | 3010010347 | 2025-04-09 | 11 | 2020-12-30 | Book | 1 | 2025-02-27 |
Bengali Keyboard